000 01117cam a2200265 4500
008 090401t1992 xxu||||| |||| 00| 0 eng d
020 _a1853800449
035 _a(Sirsi) u41041
041 _aeng
050 _a692.8
_c18
100 _aClarke, Kenneth A.
245 _aMeasured term contracts
_ban introduction to their use for building maintenance and minor works.
260 _aBerks.
_bCIOB
_c1992
300 _av, 66p.
_c30cm.
350 _a16
490 _aCIOB Occasional Paper
_v51
520 _aSuggests that measured term contracting is a well-established method of procuring the services of a contractor on a continuing but flexible basis and probably the most cost effective. Aimed at property owners and professionals who are involved in the procurement and execution of building maintenance, refurbishment and minor new works.
650 _aBUILT ENVIRONMENT-BUILDING CONTRACT FORMS
650 _aBUILT ENVIRONMENT-BUILDING MAINTENANCE AND REFURBISHMENT
650 _aMEASURED TERM CONTRACTS
650 _aMINOR WORKS
690 _aBUILT ENVIRONMENT
942 _n0
948 _c04/03/1997
999 _c90902
_d90902